|
|
|
|
| LEADER |
00738nam a22002172a 4500 |
| 001 |
000059462 |
| 003 |
CZ BrMZK |
| 005 |
19950407143423.0 |
| 008 |
950407s1984 xr f cze d |
| 040 |
|
|
|a BOA001
|b cze
|
| 100 |
1 |
|
|a Bereźnicki, Franciszek
|
| 245 |
1 |
0 |
|a Innowacje pedagogiczne w Polsce (1918-1939) /
|c Franciszek Bereźnicki
|
| 250 |
|
|
|a 1. wyd.
|
| 260 |
|
|
|a Szcecin :
|b Wydawnictwo naukowe Wyższej szkoły pedagogicznej,
|c 1984
|
| 300 |
|
|
|a 134 s.
|
| 490 |
1 |
|
|a Rozprawy i studia ;
|v t. 62
|
| 830 |
|
0 |
|a Rozprawy i studia
|
| 910 |
|
|
|a BOA001
|b PK-0100.676
|
| 964 |
|
|
|a Školství - Polsko - reformy - r.1918-1939
|
| 990 |
|
|
|a BK
|
| 996 |
7 |
|
|b 3119973964
|c PK-0100.676
|l MZK
|r Sklad / do 1 hodiny
|n 0
|w 000059462
|u 000010
|a 1
|e BOA001
|j MZK50
|s A
|